Riconosci la Squadra di calcio - Quiz n°176 - Statistics

Statistiche generali
  • Questo quiz è stato fatto 12 volte
  • Il punteggio medio è 7 su 10
Statistiche sulle risposte
Indizio Risposta % Corretto
Colori sociali Bianco, nero
100%
Simboli Croce maltese
91%
Trofei nazionali 1 Coppa del Brasile
73%
Titoli nazionali 4 Titoli del Brasile
73%
Trofei internazionali 1 Coppe Libertadores
1 Coppe Mercosur
1 Coppa dei Campioni del Sudamerica
1 Torneio Octogonal Rivadavia Corrêa Meyer
64%
Divisione nazionale 2023-2024 Prima
64%
Fondazione 1898
55%
Confederazione CONMEBOL
55%
Capienza Stadio 21 880 posti
45%
Squadra Vasco da Gama
36%
Nessun quiz corrispondente trovato
Distribuzione punteggi
Percentuale di utenti per punteggio
Percentile per numero di risposta
I tuoi punteggi nel tempo
Non hai fatto questo quiz